000 00493nmm a2200169Ia 4500
008 251105s9999||||xx |||||||||||||||||und||
020 _a9788468740713
041 _aspa
100 _aMallery, Susan
245 0 _aLa caricia de un beso
264 _a[Madrid, España] :
_bHarlequin,
_c[Fecha de publicación no identificada]
300 _a0 páginas
490 _a'Historias de Fool's Gold'
650 _aRomance
856 _uhttps://public.digitaliapublishing.com/a/92491
942 _cCF
999 _c84089
_d84089